[Event "DRUZYNOWE MISTRZOSTWA POLSKI - II LIGA 2018"]
[Site "Jastrzebia Gora"]
[Date "1899-12-30"]
[Round "7.93"]
[White "Tustanowski, Robert"]
[Black "Knopik, Krzysztof"]
[Result "1/2-1/2"]
[WhiteTitle "m"]
[BlackTitle "k"]
[WhiteElo "2238"]
[BlackElo "2078"]

1. e4 e5 2. Nf3 Nc6 3. Bc4 Nf6 4. d3 Bc5 5. c3 d6 6. Bb3 Bb6 7. Nbd2 O-O 8. O-O
Ne7 9. Nc4 Be6 10. Bg5 Ng6 11. Nh4 Nxh4 12. Bxh4 h6 13. a4 c6 14. Re1 Re8 15.
Nxb6 Qxb6 16. Bxe6 Rxe6 17. b4 Nd7 18. Rb1 Nf8 19. a5 Qc7 20. f3 b6 21. c4 Ree8
22. Qa4 Qb7 23. b5 c5 24. Rb3 Qc8 25. Bf2 f5 26. Ra1 g5 27. Rba3 Rb8 28. axb6
axb6 29. Qd1 f4 30. Ra7 Ne6 31. Qf1 Nc7 32. Qe1 Re7 1/2-1/2

[Event "DRUZYNOWE MISTRZOSTWA POLSKI - II LIGA 2018"]
[Site "Jastrzebia Gora"]
[Date "1899-12-30"]
[Round "7.95"]
[White "Tustanowski, Mateusz"]
[Black "Mandla, Maciej"]
[Result "1-0"]
[WhiteTitle "I++"]
[BlackTitle "II"]
[WhiteElo "2064"]
[BlackElo "1580"]

1. e4 c5 2. Nc3 Nc6 3. f4 d6 4. Nf3 g6 5. Bc4 Bg7 6. d3 e6 7. f5 Nge7 8. Bg5 f6
9. Bd2 d5 10. Bb3 Na5 11. Ba4+ Kf8 12. fxe6 Bxe6 13. O-O Nac6 14. Ng5 1-0

[Event "DRUZYNOWE MISTRZOSTWA POLSKI - II LIGA 2018"]
[Site "Jastrzebia Gora"]
[Date "1899-12-30"]
[Round "7.97"]
[White "Kosiorek, Marek"]
[Black "Luba, Lukasz"]
[Result "1/2-1/2"]
[WhiteTitle "m"]
[BlackTitle "I++"]
[WhiteElo "2307"]
[BlackElo "2130"]

1. d4 d5 2. c4 c6 3. Nf3 a6 4. a4 e6 5. Nc3 a5 6. e4 Nf6 7. e5 Nfd7 8. Bd3 Be7
9. O-O Nf8 10. Re1 Na6 11. cxd5 exd5 12. h3 Nb4 13. Bb1 Be6 14. Nh2 g5 15. Qh5
Qb6 16. Rd1 h6 17. Ng4 Bxg4 18. Qxg4 Ne6 19. Be3 h5 20. Qf5 Kd7 21. Qf3 g4 22.
hxg4 hxg4 23. Qxg4 Rh4 24. Qf3 Rah8 25. g3 Rh1+ 26. Qxh1 Rxh1+ 27. Kxh1 Ng7 28.
Kg2 Na6 29. Rd2 Nc7 30. Bh7 f5 31. exf6 Bxf6 32. f4 Nce6 33. Ne2 Qb4 34. Kf3 Qf8
35. Rh1 Be7 36. Kg2 Nf5 37. Bf2 Nd6 38. Rd3 b5 39. axb5 cxb5 40. Rh5 Qf7 41. Rh1
b4 42. b3 Nf8 43. Ng1 Nxh7 44. Nf3 Bf6 45. Ne5+ Bxe5 46. dxe5 Ne4 47. Rh6 Nhg5
48. Bg1 Nxg3 49. Kxg3 Qg8 50. Rd6+ Ke7 51. fxg5 Qxg5+ 52. Kf2 Qf4+ 53. Ke2 Qg4+
54. Kf2 Qf4+ 55. Ke2 Qg4+ 56. Kf2 Qf4+ 57. Rf3 Qd2+ 58. Kg3 Qg5+ 59. Kf2 Qd2+
60. Kg3 Qg5+ 1/2-1/2

[Event "DRUZYNOWE MISTRZOSTWA POLSKI - II LIGA 2018"]
[Site "Jastrzebia Gora"]
[Date "1899-12-30"]
[Round "7.98"]
[White "Flak, Pawel"]
[Black "Myc, Marcin"]
[Result "1-0"]
[WhiteTitle "k"]
[BlackTitle "m"]
[WhiteElo "2159"]
[BlackElo "2267"]

1. d4 d5 2. Nf3 Nc6 3. Bf4 Bg4 4. e3 e6 5. c4 Bd6 6. h3 Bxf3 7. Qxf3 Bxf4 8. Qxf4
Nb4 9. Na3 Nf6 10. Be2 O-O 11. O-O c6 12. Rfd1 Ne4 13. Bf1 f5 14. f3 Nf6 15. cxd5
Nbxd5 16. Qe5 Nd7 17. Qd6 Rf6 18. Nc4 e5 19. Qa3 exd4 20. exd4 f4 21. Nd6 Qc7
22. Ne4 Rg6 23. Bc4 N7b6 24. Bb3 Kh8 25. Rd2 a5 26. Nf2 a4 27. Bxd5 cxd5 28. Qd3
Nc4 29. Rc1 Qb6 30. Rdc2 Rf8 31. b3 axb3 32. axb3 Ne3 33. Rc8 Rgf6 34. Ng4 Nxg4
35. hxg4 Qe6 36. Rxf8+ Rxf8 37. Qd2 h6 38. Re1 Qb6 39. Qd3 Ra8 40. Re5 Ra1+ 41.
Kh2 Qd8 42. g5 Ra6 43. Qb5 Rb6 44. Re8+ Kh7 45. Qd3+ 1-0

[Event "DRUZYNOWE MISTRZOSTWA POLSKI - II LIGA 2018"]
[Site "Jastrzebia Gora"]
[Date "1899-12-30"]
[Round "7.99"]
[White "Czapla, Andrzej"]
[Black "Rakowiecki, Andrzej"]
[Result "1-0"]
[WhiteTitle "I"]
[BlackTitle "I"]
[WhiteElo "1987"]
[BlackElo "1962"]

1. Nf3 Nf6 2. c4 e6 3. g3 b6 4. Bg2 Bb7 5. O-O c5 6. b3 Be7 7. Bb2 O-O 8. Nc3 d6
9. e3 Nbd7 10. Qe2 e5 11. Rfd1 Ne8 12. Nxe5 Bxg2 13. Nxd7 Bh3 14. Nxf8 Bxf8 15.
Nd5 Qg5 16. Re1 Nf6 17. Nxf6+ gxf6 18. Qf3 f5 19. Qxa8 1-0

[Event "DRUZYNOWE MISTRZOSTWA POLSKI - II LIGA 2018"]
[Site "Jastrzebia Gora"]
[Date "1899-12-30"]
[Round "7.100"]
[White "Leszner, Liliana"]
[Black "Lukasik, Adam"]
[Result "0-1"]
[WhiteTitle "WIM"]
[BlackTitle "I"]
[WhiteElo "2017"]
[BlackElo "1985"]

1. e4 d6 2. d4 Nf6 3. Nc3 e5 4. dxe5 dxe5 5. Qxd8+ Kxd8 6. Bg5 Be6 7. O-O-O Nbd7
8. Nf3 Bd6 9. Bb5 Kc8 10. Bh4 h6 11. Nd2 Bb4 12. Bxd7+ Nxd7 13. Nd5 Bf8 14. Nc4
f6 15. f3 c6 16. Nde3 Kc7 17. Rhe1 b5 18. Nd2 Bxa2 19. c3 a5 20. Kc2 a4 21. Bf2
Nc5 22. Nf5 g6 23. Nh4 Bf7 24. g3 Be7 25. f4 Rhd8 26. Bxc5 Bxc5 27. fxe5 fxe5
28. Rf1 Rd7 29. Rf6 Bb3+ 30. Nxb3 axb3+ 31. Kxb3 Rxd1 32. Rxg6 Rd2 33. h3 Ra1
34. Nf3 Re2 35. Nxe5 0-1

[Event "DRUZYNOWE MISTRZOSTWA POLSKI - II LIGA 2018"]
[Site "Jastrzebia Gora"]
[Date "1899-12-30"]
[Round "7.101"]
[White "Kurpiewski, Slawomir"]
[Black "Magierski, Dariusz"]
[Result "1-0"]
[WhiteTitle "k"]
[BlackTitle "II"]
[WhiteElo "1997"]
[BlackElo "1614"]

1. f4 d5 2. Nf3 Nf6 3. g3 e6 4. Bg2 Bd6 5. O-O h6 6. d3 c6 7. c3 Nbd7 8. Qc2 e5
9. fxe5 Nxe5 10. Nxe5 Bxe5 11. Nd2 Be6 12. d4 Bc7 13. e4 dxe4 14. Nxe4 Nxe4 15.
Bxe4 Qd7 16. Bf4 Bxf4 17. Rxf4 O-O-O 18. b4 Kb8 19. a4 g6 20. b5 cxb5 21. axb5
f5 22. Bg2 Rh7 23. Rff1 Qxb5 24. Rfb1 Qc4 25. Rb4 Qc8 26. Qa4 Qxc3 27. Qxa7+ Kc8
28. Rxb7 Qxa1+ 29. Qxa1 Rxb7 30. Qa8+ Kd7 31. Qxb7+ Ke8 32. Qg7 Bf7 33. Qxh6 Rd6
34. h4 Ke7 35. Qf4 Re6 36. Bd5 Re1+ 37. Kf2 Ra1 38. Qc7+ Ke8 39. Bxf7+ 1-0

[Event "DRUZYNOWE MISTRZOSTWA POLSKI - II LIGA 2018"]
[Site "Jastrzebia Gora"]
[Date "1899-12-30"]
[Round "7.102"]
[White "Bogusz, Katarzyna"]
[Black "Waszczuk, Patrycja"]
[Result "0-1"]
[WhiteTitle "I"]
[BlackTitle "k"]
[WhiteElo "1291"]
[BlackElo "1983"]

1. c4 Nf6 2. Nc3 e6 3. g3 d5 4. cxd5 exd5 5. Bg2 c6 6. d4 Bf5 7. Nf3 Bd6 8. O-O
h6 9. Re1 O-O 10. a3 a5 11. Nh4 Bh7 12. Bh3 Ne4 13. Nxe4 dxe4 14. e3 Qf6 15. Bd2
g5 16. Ng2 Qe7 17. Bc3 f5 18. Qb3+ Rf7 19. g4 f4 20. exf4 a4 21. Qa2 gxf4 22.
Bb4 Bxb4 23. axb4 Qg5 24. Rac1 Nd7 25. b5 c5 26. b4 cxb4 27. Qe6 Nf8 28. Qc4 h5
29. f3 exf3 30. Re5 Qg7 31. Nxf4 hxg4 32. Bf1 f2+ 33. Kg2 Qf6 34. Qxf7+ Qxf7 35.
Bc4 Qxc4 36. Rxc4 a3 37. Re7 a2 38. Rxb4 f1=Q+ 39. Kxf1 a1=Q+ 40. Re1 Qa3 0-1

[Event "DRUZYNOWE MISTRZOSTWA POLSKI - II LIGA 2018"]
[Site "Jastrzebia Gora"]
[Date "1899-12-30"]
[Round "7.103"]
[White "Maj, Pawel"]
[Black "Krzywicki, Dariusz"]
[Result "1/2-1/2"]
[WhiteTitle "k"]
[BlackTitle "m"]
[WhiteElo "2090"]
[BlackElo "2130"]

1. d4 Nf6 2. Bg5 Ne4 3. Bf4 c5 4. f3 Nf6 5. dxc5 Qa5+ 6. Nc3 Qxc5 7. e4 e5 8. Bg5
Be7 9. Qd2 Nc6 10. Be3 Qa5 11. Bc4 O-O 12. Nge2 d6 13. O-O Be6 14. Bb3 Rfd8 15.
Rfd1 b6 16. Nd5 Bxd5 17. exd5 Qxd2 18. Bxd2 Nb8 19. a4 Nbd7 20. a5 b5 21. Be3
Rdc8 22. c3 Bd8 23. Bc2 a6 24. b4 Bc7 25. Bb3 Bb8 26. Rac1 Ba7 27. Bxa7 Rxa7 28.
Rc2 Kf8 29. Rdc1 Ke7 30. Kf2 Ne8 31. g4 g6 32. Ng3 Ng7 33. h4 f5 34. g5 1/2-1/2

[Event "DRUZYNOWE MISTRZOSTWA POLSKI - II LIGA 2018"]
[Site "Jastrzebia Gora"]
[Date "1899-12-30"]
[Round "7.104"]
[White "Krzewski, Dariusz"]
[Black "Pajak, Jakub"]
[Result "1/2-1/2"]
[WhiteTitle "k"]
[BlackTitle "I++"]
[WhiteElo "2182"]
[BlackElo "1918"]

1. e4 c5 2. d4 cxd4 3. c3 Nf6 4. e5 Nd5 5. Nf3 Nc6 6. cxd4 d6 7. Bc4 Nb6 8. Bb5
Bd7 9. Nc3 e6 10. O-O a6 11. Bd3 Qc7 12. Re1 dxe5 13. dxe5 Nb4 14. Bb1 Be7 15.
Bg5 Bc6 16. Bxe7 Qxe7 17. Nd4 Rd8 18. Qg4 O-O 19. Nxc6 Nxc6 20. Qe4 g6 21. Qf4
Nd5 22. Qg3 Nxc3 23. Qxc3 Rd5 24. Bd3 Rfd8 25. Be4 Rc5 26. Qa3 Rb5 27. Qxe7 Nxe7
28. b3 Nd5 29. Red1 Kf8 30. Kf1 Rc5 31. Rac1 Rdc8 1/2-1/2

[Event "DRUZYNOWE MISTRZOSTWA POLSKI - II LIGA 2018"]
[Site "Jastrzebia Gora"]
[Date "1899-12-30"]
[Round "7.105"]
[White "Szymczak, Rafal"]
[Black "Kupryjaniuk, Tomasz"]
[Result "1/2-1/2"]
[WhiteTitle "k"]
[BlackTitle "I"]
[WhiteElo "1883"]
[BlackElo "1878"]

1. f4 Nh6 2. b3 g6 3. Bb2 f6 4. Nf3 d5 5. e3 Bg7 6. c4 c6 7. Be2 O-O 8. O-O Bg4
9. Nd4 Bd7 10. Nf3 Bg4 11. Nd4 Bd7 12. Nf3 Bg4 13. Nd4 1/2-1/2

[Event "DRUZYNOWE MISTRZOSTWA POLSKI - II LIGA 2018"]
[Site "Jastrzebia Gora"]
[Date "1899-12-30"]
[Round "7.106"]
[White "Hennig, Tadeusz"]
[Black "Sielicki, Tomasz"]
[Result "0-1"]
[WhiteTitle "I+"]
[BlackTitle "I++"]
[WhiteElo "2019"]
[BlackElo "1963"]

1. e4 e5 2. Nf3 Nc6 3. Bc4 Bc5 4. c3 Nf6 5. d4 exd4 6. cxd4 Bb4+ 7. Nc3 Nxe4 8.
O-O Bxc3 9. d5 Bf6 10. Re1 Ne7 11. Rxe4 d6 12. Bg5 Bxg5 13. Nxg5 h6 14. Nxf7 Kxf7
15. Qf3+ Nf5 16. Re6 Bxe6 17. dxe6+ Ke7 18. Qxf5 Qe8 19. Qa5 Qc6 20. Bd5 Qc5 21.
Qd2 c6 22. Bf3 Rhf8 23. Rc1 Qg5 24. Qxg5+ hxg5 25. Bg4 Rf4 26. h3 a5 27. Re1 Rb4
28. Re2 a4 29. g3 Ra5 30. Re3 Ra8 31. b3 axb3 32. axb3 d5 33. Re5 g6 34. Rxg5
Kf6 35. f4 Rxb3 36. Re5 Ra2 37. Re1 Rxg3+ 38. Kh1 Ke7 39. Rf1 Rgg2 40. Re1 Rh2+
41. Kg1 b5 42. Rc1 Rag2+ 43. Kf1 0-1

[Event "DRUZYNOWE MISTRZOSTWA POLSKI - II LIGA 2018"]
[Site "Jastrzebia Gora"]
[Date "1899-12-30"]
[Round "7.107"]
[White "Koziol, Pawel"]
[Black "Bielski, Jerzy"]
[Result "1/2-1/2"]
[WhiteTitle "I++"]
[BlackTitle "I"]
[WhiteElo "1880"]
[BlackElo "1707"]

1. Nf3 d5 2. g3 Nf6 3. Bg2 g6 4. O-O Bg7 5. d3 O-O 6. Nbd2 Nbd7 7. e4 e5 8. a4
c6 9. Re1 Re8 10. b3 Qc7 11. Bb2 d4 12. Rf1 Nf8 13. a5 Bg4 14. h3 Bxf3 15. Qxf3
Ne6 16. Qe2 Rad8 17. Nc4 Bh6 18. Ba3 b5 19. axb6 axb6 20. h4 b5 21. Nd2 Nh5 22.
Nf3 c5 23. Nh2 Nf6 24. Qf3 Qe7 25. Bh3 b4 26. Bb2 Ra8 27. Kg2 Nh5 28. Bxe6 Qxe6
29. Ng4 Bg7 30. Qe2 Qc6 31. f3 Qb7 32. Rxa8 Rxa8 33. Bc1 Ra1 34. Kh2 Ra6 35. Nf2
Qd7 36. Nh3 Nf6 37. Kg2 h5 38. Bg5 Ne8 39. g4 Bf6 40. Bxf6 Nxf6 41. g5 Ne8 42.
f4 Nc7 43. fxe5 Re6 44. Nf4 Rxe5 45. Qf3 Re8 46. Rh1 Qc6 47. Ne2 Ra8 48. Rf1 Qd7
49. Rf2 Re8 50. Qg3 Ne6 51. Ng1 Nc7 52. Nf3 Qe7 53. Nd2 Qe5 54. Qf3 Qe6 55. Nc4
Re7 56. Qg3 Ne8 57. Rf1 Kg7 58. e5 Kg8 59. Ra1 Ng7 60. Qf4 Nf5 61. Ra8+ Kg7 62.
Kf2 Qc6 63. Rb8 Qd5 64. Rb6 Re6 65. Rd6 Qh1 66. Rd7 Qc6 1/2-1/2

[Event "DRUZYNOWE MISTRZOSTWA POLSKI - II LIGA 2018"]
[Site "Jastrzebia Gora"]
[Date "1899-12-30"]
[Round "7.108"]
[White "Kaznowska, Weronika"]
[Black "Baranska, Monika"]
[Result "0-1"]
[WhiteTitle "I"]
[BlackTitle "I++"]
[WhiteElo "1366"]
[BlackElo "1734"]

1. d4 d5 2. c4 e6 3. Nc3 Nf6 4. Bf4 c5 5. cxd5 Nxd5 6. Nxd5 exd5 7. dxc5 Bxc5 8.
Qc2 Qb6 9. Be3 Bxe3 10. fxe3 O-O 11. Qc3 Nc6 12. Nf3 Be6 13. Qd2 Rac8 14. Nd4
Nxd4 15. exd4 Bf5 16. b3 Rc2 17. Qf4 Be4 18. Qe3 Rfc8 19. Rd1 Rxa2 20. Qh3 Rcc2
21. Qd7 h6 22. Qe8+ Kh7 23. Qxf7 Qb4+ 24. Kf2 Rd2 25. Rxd2 Qxd2 26. h3 Qxd4+ 27.
Kg3 Qc3+ 28. Kh2 Qxb3 29. Rg1 b5 30. g4 Qf3 31. Qxf3 Bxf3 32. Kg3 Bxe2 33. Bxe2
Rxe2 0-1

[Event "DRUZYNOWE MISTRZOSTWA POLSKI - II LIGA 2018"]
[Site "Jastrzebia Gora"]
[Date "1899-12-30"]
[Round "8.1"]
[White "Szadkowski, Kamil"]
[Black "Sapis, Witalis"]
[Result "1/2-1/2"]
[WhiteTitle "FM"]
[BlackTitle "IM"]
[WhiteElo "2277"]
[BlackElo "2369"]

1. e4 c6 2. d4 d5 3. exd5 cxd5 4. c4 Nf6 5. Nc3 g6 6. Qb3 Bg7 7. cxd5 O-O 8. Be2
Na6 9. Bf3 Qb6 10. Qxb6 axb6 11. Nge2 Nb4 12. O-O Rd8 13. Bg5 Nbxd5 14. Nxd5 Nxd5
15. Nc3 Be6 16. Bxd5 Bxd5 17. Bxe7 Rd7 18. Nxd5 Rxd5 19. Rac1 Rd7 20. Ba3 Bxd4
21. Rfd1 Rad8 22. Kf1 f5 23. h3 Kf7 24. Rc2 Ke6 25. Re2+ Kf7 26. Red2 Ke6 27.
Re2+ Kf7 28. Red2 Ke6 29. Re2+ Kf7 30. Red2 Ke6 1/2-1/2

[Event "DRUZYNOWE MISTRZOSTWA POLSKI - II LIGA 2018"]
[Site "Jastrzebia Gora"]
[Date "1899-12-30"]
[Round "8.2"]
[White "Antolak, Julia"]
[Black "Snihur, Piotr"]
[Result "0-1"]
[WhiteTitle "WFM"]
[BlackTitle "k"]
[WhiteElo "2207"]
[BlackElo "2233"]

1. e4 c6 2. d4 d5 3. Nc3 dxe4 4. Nxe4 Bf5 5. Ng3 Bg6 6. h4 h6 7. Nf3 Nd7 8. h5
Bh7 9. Bd3 Bxd3 10. Qxd3 e6 11. Bd2 Ngf6 12. O-O-O Be7 13. Kb1 O-O 14. Ne4 Nxe4
15. Qxe4 Nf6 16. Qe2 Qd5 17. Be3 Qb5 18. Rd3 Nd5 19. Qd2 Nxe3 20. Qxe3 a5 21.
g4 Rfd8 22. Rg1 c5 23. g5 hxg5 24. Nxg5 cxd4 25. Qf4 Qf5 26. Qxf5 exf5 27. Nf3
Bf6 28. Rgd1 a4 29. Nxd4 Ra5 30. c3 f4 31. Rf3 Rxh5 32. Rxf4 Rh2 33. Rg1 Be5 34.
Rf5 Bxd4 35. cxd4 Rxd4 36. Rc1 g6 37. Rf3 Rd2 38. Rc2 Rh1+ 39. Rc1 Rxc1+ 40. Kxc1
Re2 41. Rf4 b5 42. f3 Rf2 43. Rb4 Rxf3 44. Rxb5 Kg7 45. Rb4 a3 46. bxa3 Rxa3 47.
Kb2 Ra5 48. a4 f5 49. Kb3 Kf6 50. Rb8 g5 51. Kb4 Ra7 52. a5 f4 53. Kb5 f3 54.
Kb6 Rf7 55. a6 f2 56. a7 f1=Q 57. a8=Q Qf2+ 58. Kb5 Qb2+ 59. Kc6 Qg2+ 60. Kd6
Qxa8 61. Rxa8 g4 62. Ra4 Kf5 63. Ra5+ Kf4 64. Ke6 Rf8 65. Ra4+ Kf3 66. Ra3+ Kg2
67. Ke5 g3 68. Ke4 Kh2 69. Ra7 g2 70. Rh7+ Kg3 71. Rg7+ Kf2 0-1

[Event "DRUZYNOWE MISTRZOSTWA POLSKI - II LIGA 2018"]
[Site "Jastrzebia Gora"]
[Date "1899-12-30"]
[Round "8.3"]
[White "Szadkowski, Krzysztof"]
[Black "Karwowski, Kacper"]
[Result "1-0"]
[WhiteTitle "k"]
[BlackTitle "k"]
[WhiteElo "2145"]
[BlackElo "2164"]

1. e4 c5 2. Nf3 d6 3. c3 Nf6 4. Bd3 Nc6 5. Bc2 Bg4 6. d3 g6 7. Nbd2 Bg7 8. O-O
O-O 9. Re1 Nd7 10. h3 Bxf3 11. Nxf3 b5 12. Be3 Nb6 13. Qd2 a5 14. Bh6 a4 15. Nh2
a3 16. Bxg7 Kxg7 17. Rab1 axb2 18. Rxb2 b4 19. cxb4 Nxb4 20. Bb3 e5 21. Ng4 Qh4
22. Kh2 f5 23. g3 Qe7 24. exf5 gxf5 25. Ne3 Qf6 26. Ng2 d5 27. d4 exd4 28. Nf4
Qd6 29. Re6 Qc7 30. Nh5+ Kh8 31. Qh6 d3 32. Rxb6 Rf7 33. Rxb4 cxb4 34. Bxd5 Qc3
35. Rd2 b3 36. axb3 Raf8 37. Bxf7 Rxf7 38. Qd6 Qxd2 39. Qd8+ Rf8 40. Qxf8# 1-0

[Event "DRUZYNOWE MISTRZOSTWA POLSKI - II LIGA 2018"]
[Site "Jastrzebia Gora"]
[Date "1899-12-30"]
[Round "8.4"]
[White "Wacior, Maciej"]
[Black "Kwiatkowski, Wiktor"]
[Result "1/2-1/2"]
[WhiteTitle "k"]
[BlackTitle "I"]
[WhiteElo "2099"]
[BlackElo "1965"]

1. d4 Nf6 2. Bf4 d6 3. h3 g6 4. Nf3 Bg7 5. e3 O-O 6. Be2 Nfd7 7. c3 e5 8. Bh2 f5
9. dxe5 dxe5 10. Qd5+ Kh8 11. Na3 Qe7 12. O-O Nc6 13. Rad1 Nb6 14. Qd2 Be6 15.
b4 a6 16. Qc2 g5 17. e4 f4 18. Nd2 a5 19. bxa5 Nxa5 20. Nab1 Nac4 21. Nxc4 Nxc4
22. Kh1 Ra5 23. Rfe1 Rfa8 24. Bxc4 Bxc4 25. a3 Qf7 26. Qd2 Be6 27. f3 Bf8 28.
Qb2 b6 29. Bg1 Bb3 30. Rd2 Qc4 31. Rd5 Qa4 32. c4 Bg7 33. Nd2 Bxc4 34. Nxc4 Rxd5
35. Nxb6 cxb6 36. exd5 e4 37. Qxb6 exf3 38. gxf3 Qxa3 39. Kg2 Qa2+ 40. Bf2 Qxd5
41. Re7 1/2-1/2

[Event "DRUZYNOWE MISTRZOSTWA POLSKI - II LIGA 2018"]
[Site "Jastrzebia Gora"]
[Date "1899-12-30"]
[Round "8.5"]
[White "Leskiewicz, Ignacy"]
[Black "Kowalski, Maciej"]
[Result "1/2-1/2"]
[WhiteTitle "I++"]
[BlackTitle "k"]
[WhiteElo "1995"]
[BlackElo "2071"]

1. e4 e5 2. Nf3 Nc6 3. Bb5 a6 4. Ba4 f5 5. d4 exd4 6. e5 Bc5 7. O-O Nge7 8. Bb3
d5 9. c3 h6 10. cxd4 Ba7 11. Be3 O-O 12. Qd2 Rf7 13. h4 Qf8 14. Bf4 Nd8 15. Nc3
c6 16. Ne2 Ne6 17. h5 Qe8 18. Bc2 Qd8 19. b4 Bd7 20. a4 Qb6 21. a5 Qd8 22. Ra3
Rb8 23. Nh4 b6 24. Rg3 Kh7 25. Ng6 bxa5 26. bxa5 Rb5 27. Nxe7 Qxe7 28. Rg6 Qh4
29. Ba4 Qxh5 30. Bxb5 Qxg6 31. Bxa6 Qg4 32. f3 Qh4 33. g3 Qe7 34. Be3 Qa3 35.
Kg2 g5 36. g4 fxg4 37. Qd3+ Qxd3 38. Bxd3+ Kg7 39. fxg4 Rxf1 40. Kxf1 Nc7 41.
Bf5 Be6 42. Ng3 Kf7 43. Ke2 Na6 44. Kd3 c5 45. Kc3 Bb8 46. Bd3 c4 47. Be2 Bc7
48. Nf5 Bxa5+ 49. Kb2 Nc7 50. Bf3 Nb5 51. Nxh6+ Kg6 52. Nf5 Bxf5 53. gxf5+ Kxf5
54. Bxd5 Bc3+ 55. Kc2 Bxd4 56. Bxd4 Nxd4+ 57. Kc3 Kxe5 58. Kxc4 g4 59. Bb7 Nf3
60. Kd3 Kf4 61. Ke2 Kg3 62. Kf1 Kf4 63. Kg2 Nd4 64. Bc8 Nf5 65. Bxf5 Kxf5 66.
Kg3 Ke5 1/2-1/2

[Event "DRUZYNOWE MISTRZOSTWA POLSKI - II LIGA 2018"]
[Site "Jastrzebia Gora"]
[Date "1899-12-30"]
[Round "8.7"]
[White "Kislinsky, Alexey"]
[Black "Walter, Szymon"]
[Result "0-1"]
[WhiteTitle "GM"]
[BlackTitle "k+"]
[WhiteElo "2450"]
[BlackElo "2307"]

1. e4 c5 2. c3 Nf6 3. e5 Nd5 4. Nf3 e6 5. Bc4 Nb6 6. Bb3 c4 7. Bc2 Nc6 8. O-O g5
9. d4 cxd3 10. Qxd3 g4 11. Nd4 Nxe5 12. Qg3 Qc7 13. Nd2 d5 14. f4 Nec4 15. Nxc4
Nxc4 16. Qxg4 Bd7 17. Qh5 Bc5 18. Kh1 Nd6 19. Be3 O-O-O 20. a4 a5 21. Bg1 Kb8
22. Bd3 f6 23. b4 Ba7 24. Qe2 Rhe8 25. bxa5 e5 26. fxe5 fxe5 27. Nb5 Nxb5 28.
axb5 Bxg1 29. Rxg1 e4 30. b6 Qc5 31. Qe1 Qd6 32. Be2 Re6 33. Rf1 Rh6 34. g3 Bc6
35. Rf4 d4 36. cxd4 e3+ 37. Bf3 Qxf4 38. Bxc6 Qxd4 39. Bg2 Rhd6 40. a6 Qxa1 0-1

[Event "DRUZYNOWE MISTRZOSTWA POLSKI - II LIGA 2018"]
[Site "Jastrzebia Gora"]
[Date "1899-12-30"]
[Round "8.8"]
[White "Szostko, Jakub"]
[Black "Grabarczyk, Miroslaw"]
[Result "1/2-1/2"]
[WhiteTitle "FM"]
[BlackTitle "GM"]
[WhiteElo "2299"]
[BlackElo "2392"]

1. e4 e5 2. Nf3 Nf6 3. Nxe5 d6 4. Nf3 Nxe4 5. d4 Be7 6. Bd3 Nf6 7. h3 O-O 8. O-O
Nbd7 9. Re1 Re8 10. c4 Nf8 11. Nc3 Bd7 12. Bd2 Ng6 13. Qc2 c6 14. Ne2 Bf8 15.
Ng3 a6 16. Rxe8 Bxe8 17. b3 Bd7 18. a4 a5 19. Re1 Rb8 20. Qc3 Ra8 21. Qc2 Rb8
22. Qc3 Ra8 23. Qc2 1/2-1/2

[Event "DRUZYNOWE MISTRZOSTWA POLSKI - II LIGA 2018"]
[Site "Jastrzebia Gora"]
[Date "1899-12-30"]
[Round "8.9"]
[White "Sabuk, Piotr"]
[Black "Dzierzak, Radoslaw"]
[Result "1/2-1/2"]
[WhiteTitle "IM"]
[BlackTitle "I++"]
[WhiteElo "2386"]
[BlackElo "2282"]

1. Nf3 Nf6 2. c4 e6 3. g3 d5 4. Bg2 dxc4 5. O-O Nbd7 6. Qc2 Nb6 7. Ne1 e5 8. Na3
Bxa3 9. bxa3 O-O 10. d3 Bf5 11. Bxb7 Rb8 12. Bg2 c5 13. Qd2 Qc8 14. Qa5 e4 15.
Bf4 Rb7 16. Rc1 exd3 17. exd3 Rd7 18. dxc4 Rd4 19. Nf3 Rxc4 20. Qxa7 Nfd5 21.
Rxc4 Nxc4 22. Bg5 h6 23. Rc1 Ncb6 24. Bd2 c4 25. a4 c3 26. Be1 Qc4 27. a5 Ra8
28. Qxf7+ Kxf7 29. Ne5+ Ke6 30. Nxc4 Nxc4 31. Bxc3 Nxc3 32. Rxc3 Rxa5 33. Rxc4
Rxa2 34. Rc6+ Kd7 35. Rc1 Rb2 36. h4 Rb1 37. Rxb1 Bxb1 38. h5 Ke7 39. f4 Kf6 40.
Kf2 Bc2 41. g4 Bd3 42. Bd5 Bc2 43. Bb7 Bd1 44. Bc8 Ke7 45. Kg3 Kf6 46. Kh4 Ke7
47. g5 hxg5+ 48. Kxg5 Kf7 49. f5 Kf8 50. Be6 Be2 51. Bd5 Bd1 52. h6 gxh6+ 53.
Kxh6 Bg4 54. Kg5 Bxf5 55. Kxf5 1/2-1/2

[Event "DRUZYNOWE MISTRZOSTWA POLSKI - II LIGA 2018"]
[Site "Jastrzebia Gora"]
[Date "1899-12-30"]
[Round "8.10"]
[White "Zochowski, Kacper"]
[Black "Aliavdin, Nikolai"]
[Result "1/2-1/2"]
[WhiteTitle "k"]
[BlackTitle "IM"]
[WhiteElo "2269"]
[BlackElo "2323"]

1. Nf3 c5 2. c4 Nc6 3. g3 g6 4. Bg2 Bg7 5. Nc3 d6 6. O-O e6 7. d3 Nge7 8. Bg5 h6
9. Bd2 b6 10. Qc1 Bb7 11. a3 Qd7 12. e4 g5 13. h3 Ng6 14. Ne2 O-O 15. Bc3 f5 16.
Bxg7 Kxg7 17. Qc3+ Kh7 18. exf5 Rxf5 19. Nh2 d5 20. d4 e5 21. cxd5 Nxd4 22. Qd3
Bxd5 23. Be4 Bxe4 24. Qxe4 Qc6 25. Qxc6 Nxc6 26. Nc3 Rd8 27. Ne4 Nd4 28. Ng4 Kg7
29. Ne3 Rf7 30. Kg2 Rfd7 31. Rad1 Ne7 32. Ng4 Nec6 33. Ne3 Kg6 34. Rb1 Nb3 35.
Rbe1 Rd4 36. Nc3 h5 37. Rh1 a6 38. g4 h4 39. Nf5 Rf4 40. Rd1 Nbd4 41. Ne3 b5 42.
Rhe1 c4 43. Ncd5 Rf7 44. Nc3 Rfd7 45. a4 Nb4 46. axb5 axb5 47. Ra1 Nd3 48. Reb1
Nf4+ 49. Kh2 Nd3 50. Ne4 Re7 51. Ra6+ Re6 52. Rba1 Rde8 53. Nd5 Rxa6 54. Rxa6+
Re6 55. Ra7 Nf4 56. Ne7+ Kh6 57. Ng8+ Kg6 58. Ne7+ Kh6 1/2-1/2

[Event "DRUZYNOWE MISTRZOSTWA POLSKI - II LIGA 2018"]
[Site "Jastrzebia Gora"]
[Date "1899-12-30"]
[Round "8.11"]
[White "Jedryczka, Krystian"]
[Black "Zaleski, Lukasz"]
[Result "1/2-1/2"]
[WhiteTitle "m"]
[BlackTitle "k"]
[WhiteElo "2201"]
[BlackElo "2134"]

1. f4 Nh6 2. Nf3 d5 3. b3 c5 4. e3 Nc6 5. Bb2 Bg4 6. Be2 Nf5 7. O-O e6 8. h3 Bxf3
9. Bxf3 Be7 10. Bg4 Bf6 11. Qc1 Ng3 12. Re1 O-O 13. Bxf6 Qxf6 14. Nc3 Rad8 15.
Ne2 Nxe2+ 16. Bxe2 e5 17. fxe5 Qxe5 18. Qa3 d4 19. Bd3 dxe3 20. dxe3 Rfe8 21.
Qa4 Re7 22. Qf4 Rde8 23. Qxe5 Rxe5 24. Kf2 Nb4 25. a3 Nd5 26. Bb5 R8e6 27. Rad1
g6 28. Rd3 Kg7 29. Bc4 Rf6+ 30. Kg1 Nb6 31. Rc3 Rd6 32. Bd3 Rde6 33. Bc4 Rd6 34.
Bd3 a6 35. Kf2 Rf6+ 36. Kg1 h5 37. Bc4 Rd6 38. Rd3 Rxd3 39. Bxd3 Re7 40. Kf2 Nc8
41. b4 cxb4 42. Ra1 1/2-1/2

[Event "DRUZYNOWE MISTRZOSTWA POLSKI - II LIGA 2018"]
[Site "Jastrzebia Gora"]
[Date "1899-12-30"]
[Round "8.12"]
[White "Binkowska, Agata"]
[Black "Kantane, Anna"]
[Result "1/2-1/2"]
[WhiteTitle "I++"]
[BlackTitle "WIM"]
[WhiteElo "1890"]
[BlackElo "2247"]

1. e4 e5 2. Nf3 Nc6 3. d4 exd4 4. Nxd4 Bc5 5. Be3 Qf6 6. Nb5 Bxe3 7. fxe3 Qh4+
8. g3 Qd8 9. Qg4 g5 10. N1c3 d6 11. Qh5 Ne5 12. h3 Nf6 13. Qe2 Be6 14. O-O-O a6
15. Nd4 Qd7 16. Nf3 Nxf3 17. Qxf3 Qe7 18. Nd5 Bxd5 19. exd5 Nd7 20. Bd3 Ne5 21.
Qf5 Nd7 22. Qe4 Ne5 23. Qf5 Nd7 24. Qe4 Ne5 25. Qf5 1/2-1/2

[Event "DRUZYNOWE MISTRZOSTWA POLSKI - II LIGA 2018"]
[Site "Jastrzebia Gora"]
[Date "1899-12-30"]
[Round "8.13"]
[White "Golubka, Petro"]
[Black "Barglowski, Filip"]
[Result "1/2-1/2"]
[WhiteTitle "IM"]
[BlackTitle "FM"]
[WhiteElo "2457"]
[BlackElo "2311"]

1. e4 e5 2. Nf3 Nf6 3. Nxe5 d6 4. Nf3 Nxe4 5. Nc3 Nxc3 6. dxc3 Be7 7. Be3 O-O 8.
Qd2 Nc6 9. O-O-O Ne5 10. Nxe5 dxe5 11. Bd3 c6 12. Qe2 Qa5 13. Bc4 b5 14. Bb3 Qc7
15. c4 b4 16. c5 a5 17. Bc4 a4 18. h4 Ra5 19. h5 Bxc5 20. h6 g6 21. Rhe1 Qe7 22.
Qd2 Bxe3 23. Rxe3 Be6 24. Bxe6 fxe6 25. a3 Rd5 26. Qxb4 Qg5 27. Qb7 Qxh6 28. Qxc6
Rxf2 29. Qxe6+ Kg7 30. Rxd5 Qxe3+ 1/2-1/2

[Event "DRUZYNOWE MISTRZOSTWA POLSKI - II LIGA 2018"]
[Site "Jastrzebia Gora"]
[Date "1899-12-30"]
[Round "8.14"]
[White "Chylewski, Patryk"]
[Black "Barski, Radoslaw"]
[Result "0-1"]
[WhiteTitle "FM"]
[BlackTitle "IM"]
[WhiteElo "2275"]
[BlackElo "2447"]

1. d4 d5 2. c4 e6 3. Nc3 c6 4. e3 Nf6 5. Nf3 a6 6. b3 Nbd7 7. Be2 Bb4 8. Bd2 O-O
9. O-O Qe7 10. Qc2 b6 11. Bd3 c5 12. a3 Bxc3 13. Bxc3 dxc4 14. Bxc4 Bb7 15. dxc5
Bxf3 16. gxf3 Qxc5 17. Bxf6 Nxf6 18. Qe2 b5 19. Bd3 Rfd8 20. Rfd1 Rac8 21. b4
Qg5+ 22. Kh1 Nd5 23. Be4 Nc3 24. Rxd8+ Qxd8 25. Qd3 Qf6 26. Rc1 Rc4 27. f4 g6
28. Bf3 e5 29. Bd5 Nxd5 30. Rxc4 bxc4 31. Qxd5 exf4 32. Qxc4 fxe3 33. fxe3 Qf3+
34. Kg1 Qxe3+ 35. Kg2 Qxa3 36. Qe4 Qa2+ 37. Kg3 Qe6 38. Qd4 h5 0-1